[Event "Top 16"]
[Site "Cannes"]
[Date "22.03.22"]
[Round "3.4"]
[White "Kosten, Anthony C"]
[Black "Acher, Mathieu"]
[Result "1/2-1/2"]
[WhiteElo "2514"]
[BlackElo "2381"]
[PlyCount "87"]
[EventDate "22.??.??"]
[WhiteTeam "Montpellier"]
[BlackTeam "Antibes"]

1. c4 e5 2. Nc3 d6 3. g3 g6 4. d4 Nc6 5. Nf3 Bg4 6. Bg2 Bg7 7. dxe5 dxe5 8. Bg5
f6 9. Be3 Nge7 10. Bc5 Qxd1+ 11. Rxd1 Rd8 12. Nd5 Nxd5 13. cxd5 Ne7 14. h3 Bxf3
15. Bxf3 e4 16. Bxe4 f5 17. Bf3 Bxb2 18. O-O b6 19. Be3 Be5 20. Rd3 O-O 21. Rc1
Rd7 22. Bg5 Kg7 23. Re3 Bf6 24. Bf4 g5 25. Be5 Nxd5 26. Bxd5 Rxd5 27. Rxc7+ Rf7
28. Bxf6+ Kxf6 29. Rc6+ Kg7 30. Kg2 Rd2 31. a3 Ra2 32. f4 gxf4 33. gxf4 Rf6 34.
Rc7+ Rf7 35. Rg3+ Kf6 36. Rc6+ Ke7 37. Kf2 Kd7 38. Rcc3 Re7 39. Rgd3+ Ke8 40.
Re3 Rxe3 41. Rxe3+ Kf7 42. Kf3 a5 43. Rc3 b5 44. e4 1/2-1/2

[Event "Top 16"]
[Site "Cannes"]
[Date "22.03.22"]
[Round "3.5"]
[White "Bijaoui, Manuel"]
[Black "Libiszewski, Fabien"]
[Result "1/2-1/2"]
[WhiteElo "2404"]
[BlackElo "2481"]
[PlyCount "132"]
[EventDate "22.??.??"]
[WhiteTeam "Antibes"]
[BlackTeam "Montpellier"]

1. e4 c5 2. Nf3 Nc6 3. Bb5 g6 4. Bxc6 bxc6 5. O-O Bg7 6. Re1 Nh6 7. c3 O-O 8.
d4 Qb6 9. h3 d6 10. Qc2 f6 11. Be3 cxd4 12. cxd4 Bd7 13. Nc3 Nf7 14. Rad1 Qb7
15. Nd2 Rac8 16. Nc4 f5 17. exf5 Bxf5 18. Qd2 Rfe8 19. b3 d5 20. Nb2 e5 21.
Nca4 Nd6 22. Nc5 Qf7 23. dxe5 Rxe5 24. Bd4 Ree8 25. a4 Ne4 26. Nxe4 Bxe4 27. f3
Bf5 28. b4 Rb8 29. Rc1 Rxe1+ 30. Rxe1 Bf8 31. Bc3 c5 32. bxc5 Bxc5+ 33. Bd4 Bb4
34. Qf4 Re8 35. Rxe8+ Qxe8 36. Bxa7 Qe1+ 37. Kh2 Qe7 38. Bb8 Bc5 39. Be5 d4 40.
g4 Bc2 41. a5 Qe6 42. Kg3 Qa6 43. Bxd4 Bf8 44. Bc3 Bb3 45. Qd4 Qc6 46. Nd3 Qd6+
47. Qxd6 Bxd6+ 48. Be5 Bc4 49. Bxd6 Bxd3 50. Kf4 Kf7 51. Ke5 g5 52. Bb4 Be2 53.
Bd2 Bxf3 54. a6 Ke7 55. Bxg5+ Kd7 56. a7 Kc7 57. Be3 Kb7 58. Kf4 Bd1 59. Kg5
Bc2 60. Kh6 Bb1 61. h4 Bc2 62. Kg7 Bb1 63. h5 Bc2 64. g5 Bb1 65. Kf6 Bc2 66. g6
Bxg6 1/2-1/2

[Event "Top 16"]
[Site "Cannes"]
[Date "22.03.22"]
[Round "3.6"]
[White "Flear, Glenn C"]
[Black "Miralles, Gilles"]
[Result "1/2-1/2"]
[WhiteElo "2478"]
[BlackElo "2477"]
[PlyCount "46"]
[EventDate "22.??.??"]
[WhiteTeam "Montpellier"]
[BlackTeam "Antibes"]

1. d4 d5 2. c4 e6 3. Nc3 c5 4. cxd5 exd5 5. Nf3 Nc6 6. g3 Nf6 7. Bg2 Be7 8. O-O
O-O 9. Bg5 cxd4 10. Nxd4 Re8 11. Qa4 Bd7 12. Rad1 h6 13. Bf4 Nb4 14. Qb3 a5 15.
a4 Bf8 16. Ndb5 Bf5 17. Rd2 Rc8 18. Nxd5 Nfxd5 19. Bxd5 Nxd5 20. Rxd5 Be6 21.
Rxd8 Bxb3 22. Rxc8 Rxc8 23. Nc3 Bb4 1/2-1/2

[Event "Top 16"]
[Site "Cannes"]
[Date "22.03.22"]
[Round "3.8"]
[White "Benmesbah, Natacha"]
[Black "Cochet, Caroline"]
[Result "0-1"]
[WhiteElo "2138"]
[BlackElo "2052"]
[PlyCount "144"]
[EventDate "22.??.??"]
[WhiteTeam "Montpellier"]
[BlackTeam "Antibes"]

1. e4 c5 2. Nf3 Nc6 3. Bb5 g6 4. O-O Bg7 5. Re1 e5 6. Bxc6 dxc6 7. d3 Qe7 8.
Be3 Nf6 9. Qc1 Nd7 10. a4 Nf8 11. Bg5 f6 12. Be3 Ne6 13. c3 O-O 14. d4 cxd4 15.
cxd4 exd4 16. Nxd4 Re8 17. Qc4 Kh8 18. Na3 Nxd4 19. Bxd4 f5 20. Rad1 fxe4 21.
Bxg7+ Qxg7 22. Rxe4 Bf5 23. Red4 h5 24. h3 Be6 25. Qc3 Re7 26. Nc2 Kh7 27. Ne3
Rf8 28. Qc5 Qf6 29. R1d2 a6 30. Nf1 Bd5 31. Ne3 Be6 32. Rd6 Qf7 33. a5 Bc8 34.
Qg5 Re6 35. Rd8 Rf6 36. Rxf8 Qxf8 37. Nc4 Be6 38. Nd6 Bd5 39. Nxb7 Rf7 40. Rxd5
cxd5 41. Qxd5 Rxf2 42. Qe5 Rf1+ 43. Kh2 Rf5 44. Qc7+ Rf7 45. Qd6 Qxd6+ 46. Nxd6
Rf2 47. Ne4 Rxb2 48. Nc5 Rb5 49. Nxa6 Rxa5 50. Nb4 Ra3 51. Nc2 Rc3 52. Nd4 Kg7
53. Kg1 Kf6 54. Kf2 g5 55. Nf3 Kf5 56. Nd4+ Ke5 57. Nf3+ Kf4 58. g3+ Kf5 59.
Kg2 Rc2+ 60. Kg1 Ra2 61. Kf1 Ra5 62. Ke2 g4 63. Nd4+ Ke4 64. Ne6 Ra2+ 65. Kf1
Kf3 66. Ng5+ Kxg3 67. hxg4 hxg4 68. Ne4+ Kf4 69. Nc3 Rc2 70. Nb5 Kg3 71. Nd4
Ra2 72. Nf5+ Kh2 0-1

[Event "Top 16"]
[Site "Cannes"]
[Date "22.03.22"]
[Round "3.2"]
[White "Kazhgaleyev, Murtas"]
[Black "Eliet, Nicolas"]
[Result "1-0"]
[WhiteElo "2630"]
[BlackElo "2429"]
[PlyCount "67"]
[EventDate "22.??.??"]
[WhiteTeam "Cannes"]
[BlackTeam "Grasse"]

1. d4 d5 2. c4 e6 3. Nc3 Nf6 4. cxd5 Nxd5 5. e4 Nxc3 6. bxc3 c5 7. Nf3 cxd4 8.
cxd4 Bb4+ 9. Bd2 Bxd2+ 10. Qxd2 O-O 11. Bc4 Nd7 12. O-O b6 13. Rfe1 Bb7 14.
Rad1 Rc8 15. Bb3 Re8 16. h3 Nf8 17. d5 exd5 18. exd5 Rxe1+ 19. Rxe1 Qf6 20. Ng5
Qd6 21. Ne4 Qg6 22. Qf4 Rd8 23. Qe5 Bc8 24. Re3 Qf5 25. Qe7 Rd7 26. Qe8 Bb7 27.
Ba4 b5 28. Bxb5 Rxd5 29. Nf6+ gxf6 30. Rg3+ Qg6 31. Rxg6+ hxg6 32. a4 Rg5 33.
Qe7 Bd5 34. Bf1 1-0

[Event "Top 16"]
[Site "Cannes"]
[Date "22.03.22"]
[Round "3.3"]
[White "Di Paolo, Raffaele"]
[Black "Tkachiev, Vladislav"]
[Result "0-1"]
[WhiteElo "2336"]
[BlackElo "2657"]
[PlyCount "37"]
[EventDate "22.??.??"]
[WhiteTeam "Grasse"]
[BlackTeam "Cannes"]

1. e4 d6 2. d4 g6 3. Nc3 Bg7 4. Be3 c6 5. Qd2 b5 6. f3 Nd7 7. a4 b4 8. Nd1 Rb8
9. a5 Ngf6 10. g4 Qc7 11. h4 h6 12. Nh3 e5 13. g5 hxg5 14. Nxg5 d5 15. dxe5
Nxe5 16. f4 Nxe4 17. Qg2 Ng4 18. Bxa7 Qxa7 19. Nxe4 0-1

[Event "Top 16"]
[Site "Cannes"]
[Date "22.03.22"]
[Round "3.4"]
[White "Fontaine, Robert"]
[Black "Andonov, Bogomil"]
[Result "1-0"]
[WhiteElo "2546"]
[BlackElo "2316"]
[PlyCount "47"]
[EventDate "22.??.??"]
[WhiteTeam "Cannes"]
[BlackTeam "Grasse"]

1. e4 c5 2. Nf3 a6 3. c4 d6 4. d4 Bg4 5. dxc5 Bxf3 6. gxf3 dxc5 7. Qxd8+ Kxd8
8. Nc3 e6 9. Be3 Nf6 10. O-O-O+ Nfd7 11. f4 b6 12. f5 Nc6 13. fxe6 fxe6 14. Bh3
Ke7 15. Bg5+ Nf6 16. e5 Nxe5 17. Rhe1 Nf3 18. Bg2 Nxg5 19. Bxa8 Kf7 20. Bg2 Nh5
21. h4 Nf4 22. hxg5 Nxg2 23. Re4 Be7 24. Rg1 1-0

[Event "Top 16"]
[Site "Cannes"]
[Date "22.03.22"]
[Round "3.5"]
[White "Shoker, Samy"]
[Black "Palac, Mladen"]
[Result "0-1"]
[WhiteElo "2399"]
[BlackElo "2553"]
[PlyCount "46"]
[EventDate "22.??.??"]
[WhiteTeam "Grasse"]
[BlackTeam "Cannes"]

1. g3 e5 2. Bg2 d5 3. d3 c6 4. Nf3 Bd6 5. e4 Nf6 6. O-O O-O 7. Nbd2 Re8 8. exd5
cxd5 9. c4 Bf5 10. Nb3 Nc6 11. Bg5 dxc4 12. dxc4 h6 13. Nh4 Bh7 14. Bxf6 Qxf6
15. Qd5 e4 16. Rad1 Rad8 17. Qb5 g5 18. Qxb7 Bf8 19. Bh3 Rxd1 20. Rxd1 gxh4 21.
Qa6 e3 22. f4 e2 23. Re1 Bb4 0-1

[Event "Top 16"]
[Site "Cannes"]
[Date "22.03.22"]
[Round "3.6"]
[White "Govciyan, Pavel"]
[Black "Karim, Ismael"]
[Result "1-0"]
[WhiteElo "2411"]
[BlackElo "2407"]
[PlyCount "163"]
[EventDate "22.??.??"]
[WhiteTeam "Cannes"]
[BlackTeam "Grasse"]

1. c4 c6 2. e4 e5 3. Nf3 d6 4. d4 Nd7 5. Nc3 Ngf6 6. Be2 Be7 7. O-O a6 8. b4
O-O 9. Rb1 Qc7 10. Qc2 b5 11. a4 Bb7 12. Bg5 Rfe8 13. dxe5 dxe5 14. Rfc1 bxa4
15. c5 h6 16. Bd2 a5 17. Nxa4 axb4 18. Bc4 Ba6 19. Bb3 Bb5 20. Nb6 Bxc5 21.
Nxa8 Qa7 22. Ra1 Qb7 23. Qa2 Re7 24. Qa5 Nxe4 25. Bxb4 Bxf2+ 26. Kh1 c5 27. Be1
Bc6 28. Rcb1 Qc8 29. Bc2 Bxe1 30. Qxe1 Ndf6 31. Nb6 Qg4 32. Ra3 g5 33. Re3 Qf4
34. Nc8 Re6 35. Na7 Bd5 36. Nb5 Ng4 37. Re2 Nxh2 38. Rxe4 Nxf3 39. Rxf4 Nxe1
40. Be4 exf4 41. Bxd5 Re5 42. Bc4 Nc2 43. Nd6 Re1+ 44. Rxe1 Nxe1 45. Nxf7 Kg7
46. Ne5 Nc2 47. Kg1 Ne3 48. Be2 Nd5 49. Kf2 Kf6 50. Nd7+ Kf5 51. Bd3+ Ke6 52.
Nxc5+ Ke5 53. Be2 Nf6 54. Bd1 h5 55. Bc2 h4 56. Bg6 Ng4+ 57. Ke2 Ne3 58. Nd3+
Kd4 59. Kf2 Ng4+ 60. Kf3 Nh2+ 61. Ke2 Ng4 62. Ne1 Ke5 63. Nf3+ Kf6 64. Bh5 Nh6
65. Nh2 Nf5 66. Bf3 Ke5 67. Kd3 Ng3 68. Ng4+ Kf5 69. Nf2 Ke5 70. Kc4 Nf1 71.
Ng4+ Kf5 72. Kd4 Nd2 73. Nf2 Nxf3+ 74. gxf3 h3 75. Ng4 Kg6 76. Kd3 Kh5 77. Ke2
Kh4 78. Kf2 h2 79. Nxh2 Kh3 80. Ng4 Kh4 81. Kg2 Kh5 82. Ne5 1-0

[Event "Top 16"]
[Site "Cannes"]
[Date "22.03.22"]
[Round "3.7"]
[White "Forestier, Flavien"]
[Black "Levacic, Damir"]
[Result "0-1"]
[WhiteElo "2165"]
[BlackElo "2284"]
[PlyCount "92"]
[EventDate "22.??.??"]
[WhiteTeam "Grasse"]
[BlackTeam "Cannes"]

1. c4 e5 2. g3 Nf6 3. Bg2 d5 4. cxd5 Nxd5 5. Nf3 Nc6 6. d3 Be7 7. O-O O-O 8. a3
Re8 9. Qc2 Bg4 10. Nbd2 Bf8 11. h3 Bh5 12. Re1 a5 13. b3 Nd4 14. Nxd4 exd4 15.
Nf3 c5 16. Bd2 Qd7 17. Qb2 Ra6 18. g4 Bg6 19. Nh4 h5 20. Nxg6 fxg6 21. Bf3 Kh8
22. Kg2 Be7 23. gxh5 Bh4 24. h6 gxh6 25. Bxd5 Qxd5+ 26. e4 Qh5 27. Bf4 Rf6 28.
Qd2 Ref8 29. Be5 Qxe5 30. Qxh6+ Kg8 31. Qxh4 Rxf2+ 32. Qxf2 Rxf2+ 33. Kxf2 Qf4+
34. Kg2 Qd2+ 35. Kf3 Qxd3+ 36. Kf4 Qxb3 37. e5 Qe6 38. Ke4 Qc6+ 39. Kf4 c4 40.
e6 Kf8 41. e7+ Ke8 42. Re4 c3 43. Rae1 c2 44. Rc1 d3 45. Kg5 Qc3 46. Kxg6 d2
0-1

[Event "Top 16"]
[Site "Cannes"]
[Date "22.03.22"]
[Round "3.8"]
[White "Leconte, Maria"]
[Black "Forestier, Carole"]
[Result "1-0"]
[WhiteElo "2334"]
[BlackElo "2096"]
[PlyCount "61"]
[EventDate "22.??.??"]
[WhiteTeam "Cannes"]
[BlackTeam "Grasse"]

1. e4 e6 2. d4 d5 3. Nc3 Nf6 4. e5 Nfd7 5. f4 c5 6. Nf3 Nc6 7. Be3 cxd4 8. Nxd4
Bc5 9. Qd2 a6 10. O-O-O O-O 11. Nb3 Bxe3 12. Qxe3 b5 13. h4 b4 14. Na4 a5 15.
Kb1 Ba6 16. h5 Qc7 17. Bxa6 Rxa6 18. Qe2 Ra7 19. Rh3 Ne7 20. Nd4 Qc4 21. Qg4
Rc8 22. b3 Qc7 23. Rg3 g6 24. hxg6 Nxg6 25. Rh1 Ndf8 26. Qe2 Rb7 27. f5 exf5
28. Nxf5 Re8 29. Nh6+ Kh8 30. Qf2 Rxe5 31. Qf6# 1-0